000 00286nam a2200109Ia 4500
001 1277697
005 20260417163036.0
008 260417s9999 xx 000 0 und d
020 _a9786258099669
245 0 _aAlbert Einstein - Evrenin Sırrını Çözen Dahi
260 _bDokuz Çocuk
999 _c1277697
_d1277697